000 00289nam a22001337a 4500
008 170919b xxu||||| |||| 00| 0 eng d
020 _a069274594
041 _aeng
080 _a7
100 _a44
101 _aART
245 _aIMAGES, OBJECTS, AND IDEAS
_cNEMETT, B
942 _2udc
_cBK
999 _c28254
_d28254